| 000 | 00994nam a22003015a 4500 | ||
|---|---|---|---|
| 005 | 20150820145916.0 | ||
| 008 | 150819t2001 maua|||| |||| 001 0 eng d | ||
| 010 | _a 2002021448 | ||
| 020 | _a0321085388 | ||
| 020 | _a9780321085382 | ||
| 040 |
_aEG-ScBUE _beng _cEG-ScBUE |
||
| 082 | 0 | 4 |
_a332 _bMIS _222 |
| 100 | 1 | _aMishkin, Frederic S. | |
| 245 | 1 | 4 |
_aThe economics of money, banking, and financial markets / _cFrederic S. Mishkin. |
| 250 | _a6th ed. | ||
| 260 |
_aBoston : _bAddison Wesley, _cc.2001. |
||
| 300 |
_a(various pagings) : _bill. (some col.) ; _c24 cm. |
||
| 490 | 0 | _aThe Addison-Wesley series in economics | |
| 500 | _aIncludes index. | ||
| 500 | _aA multimedia package, including a web site, is available to supplement the text. | ||
| 504 | _aIncludes bibliographical references. | ||
| 650 | 0 |
_aFinance. _2BUEsh |
|
| 650 | 0 |
_aMoney. _2BUEsh |
|
| 650 | 0 |
_aBanks and banking. _2BUEsh |
|
| 651 | _2BUEsh | ||
| 653 |
_cAugust2015 _bBUSECO |
||
| 942 |
_cBB _2ddc |
||
| 999 |
_c4633 _d4633 |
||